000
00303nam a22001337a 4500
008
171215b xxu||||| |||| 00| 0 eng d
020
_a
9781133308003
041
_a
eng
080
_2
3RD
_a
37
100
_a
46
101
_a
EDU
245
_a
ACTIVE SKILLS FOR READING 1
_c
ANDERSON.N.J
942
_2
udc
_c
BK
999
_c
39048
_d
39048